Vật lý đại cương
Trình bày những kiến thức cơ bản về cơ học, nhiệt học, điện từ có kèm theo các bài tập thực hành.
Đã lưu trong:
| Príomhúdar: | |
|---|---|
| Formáid: | Leabhar |
| Teanga: | Undetermined |
| Foilsithe: |
Thành phố Hồ Chí Minh
Nxb. Đại học Quốc gia Thành phố Hồ Chí Minh
2016
|
| Ábhair: | |
| Clibeanna: |
Cuir Clib Leis
Gan Chlibeanna, Bí ar an gcéad duine leis an taifead seo a chlibeáil!
|
| Thư viện lưu trữ: | Trung tâm Học liệu Trường Đại học Cần Thơ |
|---|
| LEADER | 00931nam a2200241Ia 4500 | ||
|---|---|---|---|
| 001 | CTU_227062 | ||
| 008 | 210402s9999 xx 000 0 und d | ||
| 020 | |c 75000 | ||
| 082 | |a 530 | ||
| 082 | |b V121 | ||
| 100 | |a Nguyễn, Thành Vấn | ||
| 245 | 0 | |a Vật lý đại cương | |
| 245 | 0 | |c Nguyễn Thành Vấn | |
| 260 | |a Thành phố Hồ Chí Minh | ||
| 260 | |b Nxb. Đại học Quốc gia Thành phố Hồ Chí Minh | ||
| 260 | |c 2016 | ||
| 520 | |a Trình bày những kiến thức cơ bản về cơ học, nhiệt học, điện từ có kèm theo các bài tập thực hành. | ||
| 526 | |a Điện và quang đại cương,Vật lý đại cương | ||
| 526 | |b TN016,TN048 | ||
| 650 | |a Vật lý,Physics | ||
| 650 | |x Dạy và học,Study and teaching | ||
| 910 | |b nthai | ||
| 980 | |a Trung tâm Học liệu Trường Đại học Cần Thơ | ||